VAR MI ARKADAŞLIK GİBİSİ ? (Kayıt no. 796474)
[ düz görünüm ]
| 000 -LEADER | |
|---|---|
| sabit uzunluktaki kontrol alanı | 00265nam a2200097Ia 4500 |
| 001 - KONTROL NUMARASI | |
| kontrol alanı | 796474 |
| 005 - EN SON İŞLEMİN TARİH VE ZAMANI | |
| kontrol alanı | 20250826170748.0 |
| 008 - SABİT-UZUNLUKTA VERİ ÖĞELERİ--GENEL BİLGİ | |
| sabit uzunluktaki kontrol alanı | 250824s9999 xx 000 0 und d |
| 245 #0 - ESER / YAZAR | |
| ESER ADI | VAR MI ARKADAŞLIK GİBİSİ ? |
| Yazar Adı | YAVUZ BAHADIROĞLU |
| 260 ## - YAYIN, DAĞITIM, VB. | |
| YAYIN EVİ | NESİL ÇOCUK YAYINLARI |
| Düşüm durumu | Kayıp durumu | Hasar Durumu | Ödünç verilmez | Ana kütüphane | Geçerli Kütüphane | Edinilen tarih | Toplam ödünç verme sayısı | Barkod | İade tarihi | Son görüntüleme tarihi | Son ödünç verme tarihi | Fiyatın geçerli olmaya başladığı tarih | Koha materyal türü |
|---|---|---|---|---|---|---|---|---|---|---|---|---|---|
| SELÇUKLU İMAM HATİP ORTAOKULU | SELÇUKLU İMAM HATİP ORTAOKULU | 24.08.2025 | 3 | 10123983 | 21.04.2026 | 06.04.2026 | 06.04.2026 | 26.08.2025 | Kitaplar |